Champions de Formule 1 par année - Click Quiz - Statistiques

Statistiques générales
  • Ce quiz a été pris 1 763 fois
  • Le résultat moyen est 32 sur 73
Statistiques - réponses
Hint Réponse % Correct
2022 Max Verstappen
97%
2019 Lewis Hamilton
94%
2018 Lewis Hamilton
93%
2017 Lewis Hamilton
92%
2021 Max Verstappen
92%
2020 Lewis Hamilton
89%
2015 Lewis Hamilton
85%
2012 Sebastian Vettel
82%
2011 Sebastian Vettel
82%
2014 Lewis Hamilton
80%
2010 Sebastian Vettel
80%
2016 Nico Rosberg
78%
2001 Michael Schumacher
76%
2003 Michael Schumacher
75%
2002 Michael Schumacher
75%
2013 Sebastian Vettel
75%
2005 Fernando Alonso
73%
2008 Lewis Hamilton
72%
2006 Fernando Alonso
71%
2004 Michael Schumacher
71%
2000 Michael Schumacher
70%
2009 Jenson Button
67%
2007 Kimi Räikkönen
66%
1998 Mika Häkkinen
54%
1997 Jacques Villeneuve
53%
1994 Michael Schumacher
53%
1999 Mika Häkkinen
53%
1995 Michael Schumacher
52%
1993 Alain Prost
45%
1991 Ayrton Senna
45%
1989 Alain Prost
44%
1990 Ayrton Senna
43%
1986 Alain Prost
40%
1988 Ayrton Senna
39%
1996 Damon Hill
38%
1985 Alain Prost
37%
1992 Nigel Mansell
34%
1984 Niki Lauda
28%
1950 Giuseppe Farina
27%
1955 Juan Manuel Fangio
27%
1954 Juan Manuel Fangio
27%
1983 Nelson Piquet
27%
1956 Juan Manuel Fangio
26%
1987 Nelson Piquet
26%
1975 Niki Lauda
26%
1952 Alberto Ascari
25%
1957 Juan Manuel Fangio
25%
1982 Keke Rosberg
25%
1981 Nelson Piquet
24%
1977 Niki Lauda
24%
1980 Alan Jones
23%
1976 James Hunt
23%
1951 Juan Manuel Fangio
23%
1953 Alberto Ascari
22%
1978 Mario Andretti
22%
1972 Emerson Fittipaldi
21%
1971 Jackie Stewart
21%
1979 Jody Scheckter
21%
1974 Emerson Fittipaldi
20%
1973 Jackie Stewart
20%
1969 Jackie Stewart
18%
1970 Jochen Rindt
18%
1958 Mike Hawthorn
17%
1960 Jack Brabham
16%
1959 Jack Brabham
16%
1965 Jim Clark
16%
1963 Jim Clark
16%
1962 Graham Hill
15%
1966 Jack Brabham
14%
1967 Denny Hulme
13%
1964 John Surtees
13%
1961 Phil Hill
13%
1968 Graham Hill
12%
Aucun quiz correspondant
Distribution des résultats
% des personnes avec chaque résultat
Percentile par nombre de réponses
Votre historique - résultats
Vous n’avez pas pris ce quiz